02356nam a22002177a 450000500170000000800410001704000290005804100080008708200150009510000280011024204970013824504120063526001010104730000280114850004400117650503080161650600210192460000910194565000580203665000440209420140903175132.0140722s1548 fr ||||fr|||| 00| 0 latsd cSandra YazodSandra Yazo0 alat20220a340.541 aCastro, Paul de,d-143900cPablo de CastroaLecciones dictadas en la Universidad de Padua sobre la Parte Primera del Digesto Nuevo. Con las anotaciones de Francisco Corti y de todos los demás que hasta ahora se ocuparon de él. Explicadas con anotaciones. Revisadas nuevamente según los ejemplares (manuscritos o impresos) más antiguos y más completas que las anteriores, en los párrafos señalados con un asterisco. También se añaden algunas observaciones marginales de un estudioso del derecho.yspa10cPauli CastrensisaIn Primam Digesti Novi Partem Patavinae praelectiones Francisci Curtii, aliorumque omnium, qui in id hactenus incubuerunt ... Annotationibus illustratae et ad vetustissimor. exemplarium manu typoque excusorum fidem recens ac denuo repurgatae ... hac nota ... * praesignantis, multo quam antehac auctiores redditae. Accedunt his, cuiuspiam iuris cultoris ... Observationes ad marginem ... aLugduni [Lyon] (Francia]bApud Senetonio Fratres [en el taller de los Hermanos Senetonios]c1548 a138 foliosc41 x 28 cm. aDetalles físicos: Encuadernación flexible en pergamino. Ejemplar en regular estado de conservación, desencuadernado. Lomo con rotura. Tapas manchadas y arrugadas. Guardas desprendidas. Portada impresa en dos tintas con un grabado. Mayúsculas capitales. Texto impreso en dos columnas, con caracteres romanos. Apostillas marginales. Signaturas. Registro de cuadernillos. Colofón. Varias hojas sueltas. Últimos folios rotos.0 aV.1: Las formas de adquirir la posesión. Las formas en que se pierde la posesión. La retención y almacenamiento de aguas lluvias. Los confesos. Los daños causados a terceros. Las donaciones. las excepciones. La excepción “de cosa juzgada”. El anuncio de las nuevas obras. La usucapión. aConsulta en sala14aJustinianocEmperador de Oriented482-565tDigesto nuevoxCrítica e interpretación 12Derecho civilaDerecho civilxObras anteriores a 1800 1aDerecho romanoxObras anteriores a 1800